000 01122cam a22003374i 4500
003 PE-LiUPU
005 20250731175632.0
008 150625s r 000 0 d
035 _a(Sirsi) a30946
040 _aPE-LiUPU
_bspa
_cPE-LiUPU
_erda
082 0 4 _a492.4d
_bR74
_221
100 1 _aRodríguez, Segundo Miguel,
_eautor.
245 1 0 _aDiccionario manual hebreo-español y arameo-biblico-español /
_cSegundo Miguel Rodríguez.
264 1 _aMadrid :
_bEditorial El Perpetuo Socorro,
_c1949.
300 _a100 páginas ;
_c30 cm
336 _atext
_2rdacontent
337 _aunmediated
_2rdamedia
338 _avolume
_2rdacarrier
526 _aP145
526 _aP127
526 _aP97
526 _aP35
526 _aP14
526 _aP07
650 2 4 _aEspañol
_vDiccionarios
_xHebreo.
_95711
650 1 0 _aHebreo
_vDiccionarios
_xEspañol
_95712
942 _2ddc
_cBK
949 _a492.4d R74
_wDEWEY
_c1
_i38556
_lCCODEBUL1
_mBUL
_p00.00
_r0
_sY
_tBOOK
_u2015-06-25
_xBIBLIOTECA
_zUNKNOWN
_0COMPRA
_o.STAFF. Colección General
999 _c38445
_d38445
980 _81
_gALBERTO SANCHEZ Responsable de Automatización